№ 7-8; Огнеупоры и техническая керамика

Bibliographic Details
Parent link:Огнеупоры и техническая керамика: международный научно-технический и производственный журнал/ ООО "Меттекс". № 7-8.— , 1996-
Language:Russian
Published: 2016
Format: Book
KOHA link:https://koha.lib.tpu.ru/cgi-bin/koha/opac-detail.pl?biblionumber=567597

MARC

LEADER 00000nam2a2200000 4500
001 567597
005 20231101124353.0
035 |a (RuTPU)RU\TPU\prd\264587 
090 |a 567597 
100 |a 20161028a19339999k y0rusy50 ca 
101 0 |a rus 
102 |a RU 
200 0 |a № 7-8 
210 |d 2016 
461 1 |0 (RuTPU)RU\TPU\prd\530  |t Огнеупоры и техническая керамика  |o международный научно-технический и производственный журнал  |f ООО "Меттекс"  |v № 7-8  |d 1996- 
801 0 |a RU  |b 63413507  |c 20010227  |g PSBO 
801 1 |a RU  |b 63413507  |c 20161028 
801 2 |a RU  |b 63413507  |c 20230522  |g RCR 
942 |c BK 
999 |a НТБ_ТПУ  |b НФ  |e -1/20160111  |p П-3139  |s 1/20160622  |u 0,00  |v 1